[Event "French Top 12 2013"]
[Site "Haguenau FRA"]
[Date "2013.06.09"]
[Round "11.1"]
[White "Sanikidze, Tornike"]
[Black "Zherebukh, Yaroslav"]
[Result "1/2-1/2"]
[WhiteTitle "GM"]
[BlackTitle "GM"]
[WhiteElo "2549"]
[BlackElo "2629"]
[WhiteTeam "C.E. Strasbourg"]
[BlackTeam "Evry Grand Roque"]
[WhiteFideId "13602608"]
[BlackFideId "14116804"]
[EventDate "2013.05.30"]

1. d4 f5 2. Nc3 Nf6 3. Bg5 d5 4. Bxf6 exf6 5. e3 Be6 6. Bd3 Qd7 7. Nge2 Nc6 8.
a3 Bd6 9. b3 Na5 10. Nf4 Bxf4 11. exf4 O-O 12. O-O b6 13. Re1 Bf7 14. Qd2 Nb7
15. a4 Nd6 16. f3 a5 1/2-1/2

[Event "French Top 12 2013"]
[Site "Haguenau FRA"]
[Date "2013.06.09"]
[Round "11.2"]
[White "Fedorchuk, Sergey A."]
[Black "Vaisser, Anatoly"]
[Result "1-0"]
[WhiteTitle "GM"]
[BlackTitle "GM"]
[WhiteElo "2660"]
[BlackElo "2548"]
[WhiteTeam "Evry Grand Roque"]
[BlackTeam "C.E. Strasbourg"]
[WhiteFideId "14102536"]
[BlackFideId "603252"]
[EventDate "2013.05.30"]

1. e4 e6 2. d4 d5 3. Nc3 Bb4 4. a3 Bxc3+ 5. bxc3 dxe4 6. Qg4 Nf6 7. Qxg7 Rg8 8.
Qh6 c5 9. Ne2 Nbd7 10. Ng3 Qa5 11. Bd2 Qa4 12. dxc5 Qa5 13. Be2 Qxc5 14. O-O b6
15. a4 a6 16. a5 b5 17. c4 bxc4 18. Ra4 c3 19. Be3 Qf8 20. Qf4 Qg7 21. Qd6 Nd5
22. Rxe4 Ne7 23. Rd1 Nf5 24. Rxe6+ 1-0

[Event "French Top 12 2013"]
[Site "Haguenau FRA"]
[Date "2013.06.09"]
[Round "11.3"]
[White "Rozentalis, Eduardas"]
[Black "Nyzhnyk, Illya"]
[Result "1/2-1/2"]
[WhiteTitle "GM"]
[BlackTitle "GM"]
[WhiteElo "2611"]
[BlackElo "2635"]
[WhiteTeam "C.E. Strasbourg"]
[BlackTeam "Evry Grand Roque"]
[WhiteFideId "12800023"]
[BlackFideId "14118084"]
[EventDate "2013.05.30"]

1. e4 e6 2. d4 d5 3. Nd2 c5 4. Ngf3 cxd4 5. exd5 Qxd5 6. Bc4 Qd8 7. Nb3 Nc6 8.
O-O a6 9. Nbxd4 Nxd4 10. Qxd4 Qxd4 11. Nxd4 1/2-1/2

[Event "French Top 12 2013"]
[Site "Haguenau FRA"]
[Date "2013.06.09"]
[Round "11.4"]
[White "Sochacki, Christophe"]
[Black "Kallai, Gabor"]
[Result "1/2-1/2"]
[WhiteTitle "IM"]
[BlackTitle "GM"]
[WhiteElo "2414"]
[BlackElo "2473"]
[WhiteTeam "Evry Grand Roque"]
[BlackTeam "C.E. Strasbourg"]
[WhiteFideId "662569"]
[BlackFideId "700282"]
[EventDate "2013.05.30"]

1. e4 c6 2. d4 d5 3. Nc3 dxe4 4. Nxe4 Bf5 5. Ng3 Bg6 6. h4 h6 7. Nf3 Nd7 8. h5
Bh7 9. Bd3 Bxd3 10. Qxd3 e6 11. Bd2 Ngf6 12. O-O-O Be7 13. Kb1 O-O 14. Ne4 c5 1/2-1/2

[Event "French Top 12 2013"]
[Site "Haguenau FRA"]
[Date "2013.06.09"]
[Round "11.5"]
[White "Roos, Louis"]
[Black "Moussard, Jules"]
[Result "0-1"]
[WhiteTitle "IM"]
[BlackTitle "IM"]
[WhiteElo "2373"]
[BlackElo "2437"]
[WhiteTeam "C.E. Strasbourg"]
[BlackTeam "Evry Grand Roque"]
[WhiteFideId "600288"]
[BlackFideId "642908"]
[EventDate "2013.05.30"]

1. Nf3 c5 2. c3 Nf6 3. d4 e6 4. g3 Nc6 5. Bg2 Be7 6. O-O O-O 7. dxc5 Bxc5 8. b4
Be7 9. a3 d5 10. Nbd2 Qc7 11. c4 dxc4 12. Nxc4 Nxb4 13. Qb3 Nbd5 14. Bb2 Ne4 15.
Be5 Qd8 16. Rad1 f6 17. Qc2 b5 18. Qxe4 bxc4 19. Ba1 Qb6 20. Qxc4 Ba6 21. Qa2
Rac8 22. Nd4 Bc4 23. Qd2 Rfd8 24. Bh3 f5 25. Qb2 Qxb2 26. Bxb2 Nb6 27. Rfe1 g6
28. e4 Na4 29. Ba1 Bxa3 30. exf5 exf5 31. Nxf5 gxf5 32. Bxf5 Rxd1 33. Rxd1 Rf8
34. Rd4 Rxf5 35. Rxc4 Nc5 36. Bd4 Kf7 37. Rc2 Bb4 38. f4 Rd5 39. Rc4 a5 40. Kg2
Ke6 41. g4 Nb3 42. Be5 Rd2+ 43. Kg3 Nc5 44. Bh8 Kd5 45. Rc1 Ne4+ 0-1

[Event "French Top 12 2013"]
[Site "Haguenau FRA"]
[Date "2013.06.09"]
[Round "11.7"]
[White "Roos, Jean-Luc"]
[Black "Bergez, Luc"]
[Result "0-1"]
[WhiteTitle "IM"]
[BlackTitle "IM"]
[WhiteElo "2256"]
[BlackElo "2399"]
[WhiteTeam "C.E. Strasbourg"]
[BlackTeam "Evry Grand Roque"]
[WhiteFideId "600601"]
[BlackFideId "606600"]
[EventDate "2013.05.30"]

1. e4 c6 2. d4 d5 3. exd5 cxd5 4. Bd3 Nc6 5. c3 Nf6 6. Bf4 g6 7. h3 Bg7 8. Nf3
O-O 9. O-O Bf5 10. Bxf5 gxf5 11. Ne5 Nd7 12. Nd3 e6 13. Nd2 Ne7 14. Re1 Ng6 15.
Bh2 Kh8 16. Nf3 Rg8 17. Nf4 Nxf4 18. Bxf4 Bf6 19. Qe2 Rg7 20. Kh1 Qe7 21. Rad1
Rag8 22. g3 Rc8 23. Qe3 Nf8 24. h4 Ng6 25. Bh6 Rgg8 26. Bg5 Nf8 27. Kg2 Nd7 28.
Qf4 Qd8 29. Qd6 Qc7 30. Bxf6+ Nxf6 31. Qe5 Qxe5 32. Nxe5 Rc7 33. Kf3 Kg7 34. Rg1
Kf8 35. Ke3 Ng4+ 36. Nxg4 Rxg4 37. f3 f4+ 38. gxf4 Rxh4 39. Rd2 Ke7 40. Rg7 Rc8
41. Rdg2 Kf6 42. R7g4 Rh1 43. Rg1 Rh6 44. Rg5 b5 45. R1g2 a5 46. Re5 b4 47. cxb4
axb4 48. f5 Ra8 49. fxe6 fxe6 50. b3 Rc8 51. Re2 Rh4 52. Kf2 Rc6 53. Kg3 Rxd4
54. Rh5 Rd1 55. Rxh7 d4 56. Re4 d3 57. Rd7 e5 58. Rd5 d2 59. Kf2 Rcc1 60. Rexe5
Rf1+ 61. Kg3 Rg1+ 62. Kf4 d1=Q 63. Rxd1 Rcxd1 64. Re4 Rh1 65. Kg3 Rdg1+ 66. Kf2
Ra1 67. Rxb4 Rxa2+ 68. Kg3 Rb2 69. Rb6+ Ke7 70. Rb7+ Kd6 71. f4 Rhb1 72. Kg4
Rxb3 73. Rh7 Ke6 74. Rh6+ Kf7 0-1

[Event "French Top 12 2013"]
[Site "Haguenau FRA"]
[Date "2013.06.09"]
[Round "11.1"]
[White "Postny, Evgeny"]
[Black "Navara, David"]
[Result "1/2-1/2"]
[WhiteTitle "GM"]
[BlackTitle "GM"]
[WhiteElo "2637"]
[BlackElo "2697"]
[WhiteTeam "Club d'Echecs Metz Fischer"]
[BlackTeam "Mulhouse Philidor"]
[WhiteFideId "2804344"]
[BlackFideId "309095"]
[EventDate "2013.05.30"]

1. d4 Nf6 2. c4 e6 3. Nf3 Bb4+ 4. Bd2 Qe7 5. g3 Bxd2+ 6. Qxd2 Nc6 7. Nc3 d5 8.
cxd5 exd5 9. Bg2 O-O 10. O-O h6 11. Rac1 Bf5 12. Rfd1 Ne4 13. Qf4 Nxc3 14. Rxc3
Be4 15. Ne5 Bxg2 16. Kxg2 Nxe5 17. Qxe5 Qxe5 18. dxe5 c6 19. e4 dxe4 20. Rd7
Rab8 21. Rb3 a5 22. Rbxb7 Rxb7 23. Rxb7 Rd8 24. Kf1 Rd2 25. h4 g6 26. a4 h5 27.
Rb6 Rc2 28. b4 Rc4 29. bxa5 Rxa4 30. a6 c5 31. Ke2 Ra3 32. Kd2 c4 33. Kc1 c3 34.
Kc2 Kf8 35. Rb8+ Kg7 36. Rb6 Kf8 37. Rc6 Kg8 38. Rd6 Kf8 39. Rb6 Kg8 40. Kb1 Kg7
41. Rc6 Kf8 42. Rf6 Ke8 43. e6 fxe6 44. Rxg6 Rxa6 45. Rg5 Rb6+ 46. Kc2 Rb2+ 47.
Kxc3 Rxf2 48. Rxh5 Rf3+ 49. Kd4 Rxg3 50. Kxe4 1/2-1/2

[Event "French Top 12 2013"]
[Site "Haguenau FRA"]
[Date "2013.06.09"]
[Round "11.2"]
[White "Wojtaszek, Radoslaw"]
[Black "Iordachescu, Viorel"]
[Result "1/2-1/2"]
[WhiteTitle "GM"]
[BlackTitle "GM"]
[WhiteElo "2701"]
[BlackElo "2582"]
[WhiteTeam "Mulhouse Philidor"]
[BlackTeam "Club d'Echecs Metz Fischer"]
[WhiteFideId "1118358"]
[BlackFideId "13900200"]
[EventDate "2013.05.30"]

1. d4 d5 2. c4 c6 3. Nf3 Nf6 4. e3 g6 5. Nc3 Bg7 6. Be2 O-O 7. O-O Nbd7 8. cxd5
cxd5 9. Qb3 e6 10. Bd2 a6 11. Rfc1 b6 12. Rc2 Bb7 13. Rac1 Ne4 14. Be1 Rb8 15.
a4 Rc8 16. Na2 Rxc2 17. Rxc2 Re8 18. Nb4 Nb8 19. Ne5 Bxe5 20. dxe5 Nc5 21. Qa3
Nbd7 22. Bc3 Qb8 23. a5 bxa5 24. Qxa5 Rc8 25. f4 Ne4 26. Bd4 Rxc2 27. Nxc2 Qc8
28. Qa4 Nb8 29. Ne1 Nc6 30. Bb6 Ne7 31. Qc2 Bc6 32. Nf3 Qb7 33. Bc5 Bb5 34. Bxb5
axb5 35. Nd4 Nc6 36. h3 h5 37. Bd6 Nxd4 38. exd4 Kg7 39. Kh2 Qd7 40. Bb4 Qd8 41.
Be1 Qb6 42. Qd1 Qa7 43. Bb4 Qa2 44. Qc2 Qc4 45. Qxc4 dxc4 46. Kg1 f5 47. Kf1 Kf7
48. Ke2 Ke8 49. Ke3 Kd7 50. h4 Kc6 51. Ba5 Ng3 52. Kf2 Ne4+ 53. Ke3 Kd7 54. Be1
Kc6 55. Ba5 Ng3 56. Kf2 Ne4+ 57. Ke3 Kd5 58. Be1 Kc6 1/2-1/2

[Event "French Top 12 2013"]
[Site "Haguenau FRA"]
[Date "2013.06.09"]
[Round "11.4"]
[White "Gajewski, Grzegorz"]
[Black "Koch, Jean-Rene"]
[Result "1-0"]
[WhiteTitle "GM"]
[BlackTitle "IM"]
[WhiteElo "2653"]
[BlackElo "2473"]
[WhiteTeam "Mulhouse Philidor"]
[BlackTeam "Club d'Echecs Metz Fischer"]
[WhiteFideId "1116207"]
[BlackFideId "600148"]
[EventDate "2013.05.30"]

1. d4 d5 2. c4 e6 3. Nf3 c5 4. cxd5 exd5 5. g3 Nc6 6. Bg2 Nf6 7. O-O Be7 8. dxc5
Bxc5 9. Qc2 Bb6 10. Nc3 h6 11. Na4 O-O 12. Nxb6 Qxb6 13. b3 Be6 14. Bb2 Ne4 15.
Qd1 Rfc8 16. Rc1 a5 17. Nd2 Rd8 18. e3 a4 19. Rb1 axb3 20. axb3 Ra2 21. Nxe4
dxe4 22. Qc1 Bd5 23. Rd1 Qb4 24. Bc3 Qa3 25. b4 Qxc1 26. Rbxc1 b5 27. Rxd5 Rxd5
28. Bxe4 Ne7 29. Bd4 Rd7 30. Rc5 f5 31. Bf3 g5 32. Rxb5 g4 33. Bb7 Kf7 34. Kg2
h5 35. Rb6 Ke8 36. Ba6 Rc7 37. Bb5+ Kd8 38. Rb8+ 1-0

[Event "French Top 12 2013"]
[Site "Haguenau FRA"]
[Date "2013.06.09"]
[Round "11.5"]
[White "Wirig, Anthony"]
[Black "Degraeve, Jean-Marc"]
[Result "1/2-1/2"]
[WhiteTitle "GM"]
[BlackTitle "GM"]
[WhiteElo "2498"]
[BlackElo "2567"]
[WhiteTeam "Club d'Echecs Metz Fischer"]
[BlackTeam "Mulhouse Philidor"]
[WhiteFideId "615013"]
[BlackFideId "600270"]
[EventDate "2013.05.30"]

1. d4 d5 2. c4 c5 3. Nf3 cxd4 4. Qxd4 Nf6 5. cxd5 Qxd5 6. Nc3 Qxd4 7. Nxd4 Bd7
8. Bf4 a6 9. e4 Nc6 10. Nxc6 Bxc6 11. f3 e6 12. Bd3 Bc5 13. Ke2 h6 14. Be3 Bxe3
15. Kxe3 Ke7 16. Rhd1 Rhd8 17. Bc2 Rxd1 18. Rxd1 Rd8 1/2-1/2

[Event "French Top 12 2013"]
[Site "Haguenau FRA"]
[Date "2013.06.09"]
[Round "11.7"]
[White "Neiman, Emmanuel"]
[Black "Shoker, Samy"]
[Result "1/2-1/2"]
[WhiteTitle "FM"]
[BlackTitle "IM"]
[WhiteElo "2338"]
[BlackElo "2469"]
[WhiteTeam "Club d'Echecs Metz Fischer"]
[BlackTeam "Mulhouse Philidor"]
[WhiteFideId "601616"]
[BlackFideId "627143"]
[EventDate "2013.05.30"]

1. c4 g6 2. g3 Bg7 3. Bg2 Nf6 4. Nc3 O-O 5. Nf3 c6 6. O-O d6 7. d4 Qa5 8. h3 Be6
9. d5 Bd7 10. e4 Qa6 11. Qe2 Re8 12. Be3 cxd5 13. exd5 b6 14. Kh2 Rc8 15. b3 Qb7
16. a4 Na6 17. Nd4 Re8 18. Qd2 Rac8 19. a5 bxa5 20. Rxa5 Nc5 21. Qa2 a6 22. Qa3
h5 23. b4 Nd3 24. Nc6 Bxc6 25. dxc6 Qxb4 26. Nd5 Qxa3 27. Rxa3 Ne5 28. Rxa6 Nxc4
29. Nb6 Nxb6 30. Bxb6 d5 31. Rc1 Ne4 32. c7 Be5 33. Ra5 Nf6 34. Rxd5 Nxd5 35.
Bxd5 Bd6 36. Kg2 Kf8 37. g4 h4 38. Rc4 g5 39. Kf3 e6 40. Bb7 Ke7 41. Ke4 f6 42.
Bxc8 Rxc8 43. Rc3 Be5 44. Rd3 Bxc7 45. Bxc7 Rxc7 46. Ra3 Rc4+ 47. Kf3 Rf4+ 48.
Kg2 Rc4 49. Ra6 Kd7 50. Ra7+ Kd6 51. Ra5 Rc5 52. Ra8 Kd5 53. Rf8 Ke5 54. Re8 Rd5
55. Rf8 Rd4 56. Re8 f5 57. gxf5 Kxf5 58. Rf8+ Kg6 59. Rg8+ Kf6 60. Rf8+ Kg7 61.
Ra8 g4 62. hxg4 Rxg4+ 63. Kf3 Rg5 64. Ra4 Rf5+ 65. Kg2 Rh5 66. Rg4+ Kf6 67. Kh3
Kf5 68. Rxh4 Rg5 69. f3 e5 70. Re4 Rg8 1/2-1/2

[Event "French Top 12 2013"]
[Site "Haguenau FRA"]
[Date "2013.06.09"]
[Round "11.8"]
[White "Choisy, Mathilde"]
[Black "Leconte, Maria"]
[Result "0-1"]
[WhiteTitle "WFM"]
[BlackTitle "WGM"]
[WhiteElo "2166"]
[BlackElo "2225"]
[WhiteTeam "Mulhouse Philidor"]
[BlackTeam "Club d'Echecs Metz Fischer"]
[WhiteFideId "634565"]
[BlackFideId "618446"]
[EventDate "2013.05.30"]

1. e4 e6 2. d4 d5 3. Nc3 Nf6 4. e5 Nfd7 5. f4 c5 6. Nf3 Nc6 7. Be3 Be7 8. Qd2
O-O 9. Be2 b6 10. O-O f5 11. exf6 Nxf6 12. Kh1 Bb7 13. Rad1 Bd6 14. Nb5 Ne4 15.
Qc1 Ne7 16. Nxd6 Qxd6 17. Bd3 c4 18. Bxe4 dxe4 19. Ne5 Bd5 20. c3 b5 21. a3 a5
22. Qd2 Nf5 23. Rde1 Rab8 24. Qf2 Qe7 25. g4 Nd6 26. Qg3 b4 27. axb4 axb4 28. h4
bxc3 29. bxc3 Rb3 30. Rc1 Nb5 31. f5 Nxd4 32. cxd4 0-1

[Event "French Top 12 2013"]
[Site "Haguenau FRA"]
[Date "2013.06.09"]
[Round "11.1"]
[White "Salgado Lopez, Ivan"]
[Black "Buhmann, Rainer"]
[Result "1/2-1/2"]
[WhiteTitle "GM"]
[BlackTitle "GM"]
[WhiteElo "2598"]
[BlackElo "2578"]
[WhiteTeam "L'Echiquier Chalonnais"]
[BlackTeam "Bischwiller"]
[WhiteFideId "2257327"]
[BlackFideId "4651340"]
[EventDate "2013.05.30"]

1. e4 e5 2. Nf3 Nc6 3. d4 exd4 4. Nxd4 Nf6 5. Nxc6 bxc6 6. Nd2 d5 7. e5 Ng4 8.
Nb3 Nxe5 9. Qe2 Bd6 10. f4 Bg4 11. Qe3 O-O 12. fxe5 Re8 13. Kf2 1/2-1/2

[Event "French Top 12 2013"]
[Site "Haguenau FRA"]
[Date "2013.06.09"]
[Round "11.2"]
[White "Schlosser, Philipp"]
[Black "Krasenkow, Michal"]
[Result "1/2-1/2"]
[WhiteTitle "GM"]
[BlackTitle "GM"]
[WhiteElo "2602"]
[BlackElo "2642"]
[WhiteTeam "Bischwiller"]
[BlackTeam "L'Echiquier Chalonnais"]
[WhiteFideId "4600169"]
[BlackFideId "1113100"]
[EventDate "2013.05.30"]

1. Nf3 c5 2. c4 Nf6 3. d4 cxd4 4. Nxd4 e6 5. g3 Nc6 6. Bg2 Bc5 7. Nb3 Bb4+ 8.
Bd2 Be7 9. O-O b6 10. Nd4 Bb7 11. Nc3 Rc8 12. b3 O-O 13. Bf4 a6 14. Rc1 d6 15.
Qd2 Rc7 16. Nf3 Rd7 17. Qb2 d5 18. cxd5 Nxd5 19. Nxd5 Rxd5 20. Qb1 Qa8 21. Rfd1
Nb4 22. Rxd5 Bxd5 23. Qb2 Nd3 24. exd3 Bxf3 25. Bxf3 Qxf3 26. Be3 b5 27. Qd4 Qe2
28. Qd7 Ba3 29. Rc6 Qxa2 30. Rxa6 Qxb3 31. Rb6 Qa4 1/2-1/2

[Event "French Top 12 2013"]
[Site "Haguenau FRA"]
[Date "2013.06.09"]
[Round "11.3"]
[White "David, Alberto"]
[Black "Le Roux, Jean-Pierre"]
[Result "1/2-1/2"]
[WhiteTitle "GM"]
[BlackTitle "GM"]
[WhiteElo "2584"]
[BlackElo "2576"]
[WhiteTeam "L'Echiquier Chalonnais"]
[BlackTeam "Bischwiller"]
[WhiteFideId "4000013"]
[BlackFideId "609404"]
[EventDate "2013.05.30"]

1. c4 g6 2. g3 Bg7 3. Bg2 c5 4. Nc3 Nc6 5. Nf3 d6 6. O-O e6 7. d3 Nge7 8. a3 O-O
9. Bg5 h6 10. Bd2 b6 11. Qc1 Kh7 12. b4 Bb7 13. Rb1 Qd7 14. Nb5 Rab8 15. Qd1 Nf5
16. Re1 Rfd8 17. h4 a6 18. Nc3 Ncd4 19. e3 Nxf3+ 20. Bxf3 d5 21. cxd5 exd5 22.
bxc5 bxc5 23. Na4 Qd6 24. Ba5 Re8 25. Bb6 Bc6 26. Bxc5 Bxa4 27. Bxd6 Bxd1 28.
Rxb8 Rxb8 29. Bxb8 Bxf3 30. Rc1 Be2 31. Rc7 Kg8 32. Rc8+ Kh7 1/2-1/2

[Event "French Top 12 2013"]
[Site "Haguenau FRA"]
[Date "2013.06.09"]
[Round "11.4"]
[White "Ragger, Markus"]
[Black "Sokolov, Ivan"]
[Result "1/2-1/2"]
[WhiteTitle "GM"]
[BlackTitle "GM"]
[WhiteElo "2666"]
[BlackElo "2642"]
[WhiteTeam "Bischwiller"]
[BlackTeam "L'Echiquier Chalonnais"]
[WhiteFideId "1610856"]
[BlackFideId "14400030"]
[EventDate "2013.05.30"]

1. d4 d5 2. c4 e6 3. Nf3 Nf6 4. g3 Bb4+ 5. Bd2 Bd6 6. Bg2 Nc6 7. O-O dxc4 8. Qc1
O-O 9. Rd1 b5 10. Bg5 Bd7 11. Nc3 h6 12. Bh4 Rb8 13. Ne5 Nxe5 14. dxe5 Bxe5 15.
Ne4 Qe7 16. Nxf6+ Bxf6 17. Bxf6 gxf6 18. Rd4 h5 19. Qh6 f5 20. Qxh5 Rfd8 21. Qh6
f6 22. Qg6+ Kf8 23. Qh6+ Kg8 24. Qg6+ Kf8 25. Qh6+ Kg8 26. Qg6+ 1/2-1/2

[Event "French Top 12 2013"]
[Site "Haguenau FRA"]
[Date "2013.06.09"]
[Round "11.5"]
[White "Edouard, Romain"]
[Black "Kosten, Anthony C."]
[Result "1/2-1/2"]
[WhiteTitle "GM"]
[BlackTitle "GM"]
[WhiteElo "2659"]
[BlackElo "2479"]
[WhiteTeam "L'Echiquier Chalonnais"]
[BlackTeam "Bischwiller"]
[WhiteFideId "633429"]
[BlackFideId "400114"]
[EventDate "2013.05.30"]

1. d4 Nf6 2. c4 e6 3. Nc3 Bb4 4. e3 O-O 5. Bd3 d5 6. Nf3 c5 7. O-O Nc6 8. cxd5
exd5 9. dxc5 Bxc3 10. bxc3 Bg4 11. h3 Bxf3 12. Qxf3 Ne5 13. Qf5 Re8 14. Bb5 Re6
15. Qc2 Ne4 16. f3 Nxc5 17. Ba3 Qb6 18. Rab1 Qc7 19. Qd2 Rd8 20. Qd4 b6 21. Rbd1
a6 22. Be2 Nc6 23. Qd2 Qe5 24. Bc1 b5 25. Qc2 Na4 26. Rd3 Nb6 27. f4 Qc7 28. Qd1
Ne7 29. Bf3 Qc5 30. Kh2 Red6 31. Qe2 f5 32. Bd2 Nc4 33. Be1 Re8 34. Bf2 Qc8 35.
Rfd1 Nb6 36. Qc2 Rc6 37. Qb3 Rc4 38. Bh5 Ng6 39. Qa3 Kh8 40. Bf3 Ne7 41. Bh5 Ng6
42. Bf3 Ne7 43. Bh5 1/2-1/2

[Event "French Top 12 2013"]
[Site "Haguenau FRA"]
[Date "2013.06.09"]
[Round "11.6"]
[White "Marcelin, Cyril"]
[Black "Vernay, Clovis"]
[Result "1/2-1/2"]
[WhiteTitle "GM"]
[BlackTitle "IM"]
[WhiteElo "2488"]
[BlackElo "2434"]
[WhiteTeam "Bischwiller"]
[BlackTeam "L'Echiquier Chalonnais"]
[WhiteFideId "607274"]
[BlackFideId "633046"]
[EventDate "2013.05.30"]

1. c4 e5 2. Nc3 Nf6 3. Nf3 Nc6 4. d4 exd4 5. Nxd4 Bb4 6. Bg5 h6 7. Bh4 Qe7 8.
Rc1 g5 9. Bg3 Nxd4 10. Qxd4 d6 11. a3 Bc5 12. Qd3 Bd7 13. e4 Bc6 14. f3 O-O-O
15. Be2 Nh5 16. b4 Bb6 17. a4 Nf4 18. Bxf4 gxf4 19. a5 Be3 20. Rc2 Qh4+ 21. Kd1
Qf6 22. Ra2 Qe5 23. a6 b6 24. Kc2 f5 25. b5 Ba8 26. Kb3 Rhg8 27. g3 Rde8 28. Nd5
fxe4 29. fxe4 Bxd5 30. Qxd5 Qxd5 31. exd5 fxg3 32. hxg3 Rxg3 33. Rh3 Reg8 34.
Rxg3 Rxg3 35. Kc2 Bd4 36. Kd1 Kd8 37. Rd2 Be5 38. Rd3 Rg1+ 39. Kc2 Rg2 40. Kd1
Rg1+ 41. Kc2 Rg2 1/2-1/2

[Event "French Top 12 2013"]
[Site "Haguenau FRA"]
[Date "2013.06.09"]
[Round "11.7"]
[White "Cossin, Sebastien"]
[Black "Netzer, Jean"]
[Result "1-0"]
[WhiteTitle "IM"]
[BlackTitle "IM"]
[WhiteElo "2509"]
[BlackElo "2406"]
[WhiteTeam "L'Echiquier Chalonnais"]
[BlackTeam "Bischwiller"]
[WhiteFideId "618802"]
[BlackFideId "623350"]
[EventDate "2013.05.30"]

1. d4 f5 2. Nf3 Nf6 3. g3 g6 4. Bg2 Bg7 5. O-O O-O 6. c4 d6 7. Nc3 Qe8 8. Nd5
Nxd5 9. cxd5 Nd7 10. Ng5 Nf6 11. Qb3 Rb8 12. Qc2 Qb5 13. a4 Qb6 14. Ra3 Bd7 15.
Ne6 Bxe6 16. dxe6 c6 17. Rd1 Nd5 18. a5 Qb5 19. Bf1 Nb4 20. Qb3 c5 21. e4 Qc6
22. e5 dxe5 23. dxc5 Qxc5 24. Be3 Qc2 25. Rd7 f4 26. Bxa7 fxg3 27. hxg3 Ra8 28.
Bb6 Qe4 29. Ra4 1-0

[Event "French Top 12 2013"]
[Site "Haguenau FRA"]
[Date "2013.06.09"]
[Round "11.8"]
[White "Maisuradze, Nino"]
[Black "Benmesbah, Natacha"]
[Result "1-0"]
[WhiteTitle "WGM"]
[BlackTitle "WIM"]
[WhiteElo "2304"]
[BlackElo "2237"]
[WhiteTeam "Bischwiller"]
[BlackTeam "L'Echiquier Chalonnais"]
[WhiteFideId "13601717"]
[BlackFideId "642002"]
[EventDate "2013.05.30"]

1. d4 Nf6 2. c4 c5 3. d5 e6 4. Nc3 exd5 5. cxd5 d6 6. Nf3 g6 7. Qa4+ Bd7 8. Qb3
Bc8 9. Bf4 a6 10. a4 Nbd7 11. e4 Qc7 12. Nd2 Nh5 13. Bg5 Bg7 14. Be2 Nhf6 15.
O-O O-O 16. h3 Rb8 17. Kh1 Re8 18. f4 b5 19. axb5 axb5 20. Bxb5 Nh5 21. Bh4 Bf6
22. Be1 Bd4 23. Ne2 Bg7 24. g4 Nhf6 25. Nc3 h6 26. Qc2 Nh7 27. Bc6 Rb4 28. Nb5
Qb8 29. Ra8 Qxa8 30. Bxa8 Rxb5 31. Nc4 Bf8 32. Bc6 Rb8 33. e5 dxe5 34. fxe5 Re7
35. e6 fxe6 36. Qxg6+ Bg7 37. d6 Bb7 38. Bxb7 Ndf8 39. Qxh7+ Nxh7 40. dxe7 Bf6
41. Be4 1-0